Adam Bede
Guardat en:
| Autor principal: | |
|---|---|
| Format: | Llibre |
| Idioma: | anglès |
| Publicat: |
Nueva York
Pocket Books
1956
|
| Col·lecció: | Pocket Library, 507
|
| Matèries: | |
| Etiquetes: |
Afegir etiqueta
Sense etiquetes, Sigues el primer a etiquetar aquest registre!
|
MARC
| LEADER | 00000nam a2200000 a 4500 | ||
|---|---|---|---|
| 001 | UCQ0007 | ||
| 003 | CL-VaPUC | ||
| 008 | 980619e19560000US |||||||||||||||||eng|d | ||
| 082 | 0 | 4 | |a 823 |b ELI |2 21 |
| 100 | |a Eliot, George |d 1819-1880 |e author |9 346596 | ||
| 245 | 1 | 0 | |a Adam Bede |
| 300 | |a 529 p | ||
| 942 | |c BK | ||
| 945 | |d 19980619 00:00:00 |a crobeson | ||
| 260 | |a Nueva York |b Pocket Books |c 1956 | ||
| 650 | 0 | |a Novelas inglesas |9 265220 | |
| 650 | 0 | |a Literatura inglesa |9 312907 | |
| 583 | |a last modification |c 19980619 00:00:00 |k Rodrigo Vera | ||
| 490 | 0 | |a Pocket Library, 507 | |
| 999 | |c 271175 |d 271173 | ||
| 952 | |0 0 |1 0 |4 0 |6 823_000000000000000_ELI_1956 |7 0 |8 A |9 305722 |a BIBEDU |b BIBEDU |d 2019-11-20 |i 1423223 |o 823 ELI 1956 |p 1423223 |r 2019-11-20 |w 2019-11-20 |y BK |k LIT | ||